| 000 | 00740nam a2200193 a 4500 | ||
|---|---|---|---|
| 008 | 100722s2010 ||||||||||||||||| || u | ||
| 020 | _a9780321640819 | ||
| 050 | _aQR 63 Joh | ||
| 100 | _aCase, Christine L., 1948- | ||
| 245 | 1 | 0 |
_aLaboratory experiments in microbiology. -- 9th ed. _cTed R. Johnson, Christine L. Case |
| 250 | _a9th ed. | ||
| 260 |
_aSan Fransisco, CA _bBenjamin Cummings _c2010 |
||
| 300 | _axv, 470p. [8p.]: ill. | ||
| 350 | _a0.00 | ||
| 650 | _aMICROBIOLOGY--LABORATORY MANUALS | ||
| 650 | _aMEDICAL MICROBIOLOGY | ||
| 700 | _aJohnson, Ted R., 1946- | ||
| 995 |
_D0.00 _FCBU-MAIN LIBRARY (Kitwe) _H1 _I0.00 _M1 _UDAMAGED _WAug 26, 2010 _ZMain Library Open Access Collection |
||
| 999 |
_c48726 _d48726 |
||